000 00625cam a22002293a 4500
001 8198
003 PGUSA
005 20140828083153.0
008 050501s2005||||xxu|||||s|||||000 1 eng d
040 _aPGUSA
_beng
042 _adc
050 4 _aPS
100 1 _aCody, H. A.
_q(Hiram Alfred),
_d1872-1948
245 1 4 _aThe Fourth Watch
_h[electronic resource] /
_cH. A. Cody
260 _bProject Gutenberg,
_c2005
506 _aPublic domain in the USA.
516 _aElectronic text
653 _aCanadian fiction
830 0 _aProject Gutenberg
_v8198
856 4 0 _uhttp://www.gutenberg.org/ebooks/8198
942 _cEB
999 _c237498
_d237498